Lo absurdo de nuestra moral sexual / (Record no. 141254)

MARC details
000 -LEADER
campo de control de longitud fija 00745nam a2200229 i 4500
001 - NÚMERO DE CONTROL
campo de control 141254
003 - IDENTIFICADOR DE NÚMERO DE CONTROL
campo de control ES-MaACL
005 - FECHA Y HORA DE LA ÚLTIMA TRANSACCIÓN
campo de control 20250828112643.0
007 - CAMPO FIJO DE DESCRIPCIÓN FÍSICA--INFORMACIÓN GENERAL
campo de control de longitud fija t|
008 - DATOS DE LONGITUD FIJA--INFORMACIÓN GENERAL
campo de control de longitud fija 070920s1968 sp ||||1| spa d
100 1# - ENTRADA PRINCIPAL--NOMBRE DE PERSONA
Nombre de persona Wilson, John.
9 (RLIN) 117035
245 10 - MENCIÓN DEL TÍTULO
Título Lo absurdo de nuestra moral sexual /
Mención de responsabilidad, etc. John Wilson ; [traducido por José Luis Lana].
250 ## - MENCION DE EDICION
Mención de edición 1ª ed.
260 ## - PUBLICACIÓN, DISTRIBUCIÓN, ETC.
Lugar de publicación, distribución, etc. Barcelona :
Nombre del editor, distribuidor, etc. Fontanella,
Fecha de publicación, distribución, etc. 1968.
300 ## - DESCRIPCIÓN FÍSICA
Extensión 355 p. ;
Dimensiones 19 cm.
490 1# - MENCIÓN DE SERIE
Mención de serie Sexualidad y educación. Serie Sexualidad ;
Designación de volumen o secuencia 13
650 #7 - PUNTO DE ACCESO ADICIONAL DE MATERIA--TÉRMINO DE MATERIA
Término de materia o nombre geográfico como elemento de entrada Ética sexual
Fuente del encabezamiento o término embne
9 (RLIN) 12591
700 1# - ENTRADA AGREGADA--NOMBRE PERSONAL
Nombre de persona Lana, José Luis.
9 (RLIN) 69884
830 00 - PUNTO DE ACCESO ADICIONAL DE SERIE-TÍTULO UNIFORME
Título uniforme Sexualidad y educación (Fontanella)
Designación de volumen o secuencia 13
9 (RLIN) 230162
852 ## - LOCALIZACIÓN
Ubicación ES-MaACL
Número de control de estantería C-51445
Sublocalización o colección R.67109
Holdings
Estatus retirado Estado de pérdida Estado de daño No para préstamo Biblioteca de origen Biblioteca actual Ubicación en estantería Fecha de adquisición Fuente de adquisición Total de préstamos Signatura topográfica completa Código de barras Visto por última vez Precio de reemplazo Tipo de ítem Koha
        Biblioteca del Ateneo de Madrid Biblioteca del Ateneo de Madrid Depósito 2 17/01/2008     C-51445 1146977 23/02/2023 23/02/2023 Libro impreso